000 00699nam a22002417a 4500
003 UA-OsUOA
001 35804
007 ta
008 20051215b un ||||| |||| 00| 0 ukr d
100 _aНерсесянц В. С.
090 _a340
_bН54
942 _cBK
040 _aUA-OsUOA
_brus
_cUA-OsUOA
_dUA-OsUOA
245 _aФилософия права
_bУчебник для вузов
300 _a652 с.
955 _a2
041 _arus
080 _a340
020 _a5-89123-098-4
260 _aМ.
_bНорма
_c1997
650 7 _a340 Право в цілому. Пропедевтика. Методи та допоміжні правничі науки
_2UDC
999 _c286297
_d286297